The murder of Roger Ackroyd (Record no. 397884)

MARC details
000 -LEADER
fixed length control field 00581nam a2200193Ia 4500
008 - FIXED-LENGTH DATA ELEMENTS--GENERAL INFORMATION
fixed length control field 191130s1926##################000#0#eng##
082 ## - DEWEY DECIMAL CLASSIFICATION NUMBER
Classification number 823.912 CHR
100 ## - MAIN ENTRY--AUTHOR NAME
Personal name Christie, Agatha
245 ## - TITLE STATEMENT
Title The murder of Roger Ackroyd
260 ## - PUBLICATION, DISTRIBUTION, ETC. (IMPRINT)
Place of publication New York
Name of publisher Dodd, Mead and company
Year of publication 1926
300 ## - PHYSICAL DESCRIPTION
Number of Pages vii p., 1 l., 368 p. 20 cm
650 ## - SUBJECT ADDED ENTRY--TOPICAL TERM
Topical Term Poirot, Hercule (Fictitious character) - Fiction
Topical Term Private investigators - England - Fiction
991 ## -
-- 401921

No items available.

Find us on the map